Sāhityanī paribhāshā. (Record no. 80344)
[ view plain ]
| 000 -LEADER | |
|---|---|
| fixed length control field | 00716cam a22002531 4500 |
| 001 - CONTROL NUMBER | |
| control field | sa 68004787 |
| 003 - CONTROL NUMBER IDENTIFIER | |
| control field | DLC |
| 005 - DATE AND TIME OF LATEST TRANSACTION | |
| control field | 20260227112504.0 |
| 008 - FIXED-LENGTH DATA ELEMENTS--GENERAL INFORMATION | |
| fixed length control field | 881102s1967 xx 000 0 gujo |
| 010 ## - LIBRARY OF CONGRESS CONTROL NUMBER | |
| LC control number | sa 68004787 |
| 035 ## - SYSTEM CONTROL NUMBER | |
| System control number | (OCoLC)23538039 |
| 040 ## - CATALOGING SOURCE | |
| Original cataloging agency | DLC |
| Transcribing agency | MiU |
| Modifying agency | DLC |
| 042 ## - AUTHENTICATION CODE | |
| Authentication code | premarc |
| 050 00 - LIBRARY OF CONGRESS CALL NUMBER | |
| Classification number | PK1847 |
| Item number | .B5 |
| 100 1# - MAIN ENTRY--PERSONAL NAME | |
| Personal name | Bhatt, Upendra R., |
| Dates associated with a name | 1916- |
| 245 10 - TITLE STATEMENT | |
| Title | Sāhityanī paribhāshā. |
| 260 ## - PUBLICATION, DISTRIBUTION, ETC. | |
| Date of publication, distribution, etc. | [1967] |
| 300 ## - PHYSICAL DESCRIPTION | |
| Extent | 5, 104 p. |
| Dimensions | 15 cm. |
| 500 ## - GENERAL NOTE | |
| General note | Romanized. |
| 650 #0 - SUBJECT ADDED ENTRY--TOPICAL TERM | |
| Topical term or geographic name entry element | Literature |
| General subdivision | Terminology |
| 650 #0 - SUBJECT ADDED ENTRY--TOPICAL TERM | |
| Topical term or geographic name entry element | English language |
| General subdivision | Dictionaries |
| -- | Gujarati. |
| 740 0# - ADDED ENTRY--UNCONTROLLED RELATED/ANALYTICAL TITLE | |
| Uncontrolled related/analytical title | Terminology of literary words. |
| 810 2# - SERIES ADDED ENTRY--CORPORATE NAME | |
| Corporate name or jurisdiction name as entry element | Gujarat Vidyapith. |
| Title of a work | Gujarāta Vidyāpīṭha granthāvali ; |
| Volume/sequential designation | 153. |
No items available.